000 00239 a2200109 4500
001 85296
082 _a500.202462 BIR
090 _c40103
_d40102
100 _aBird,J.
245 _aScience For Engineering 3rd/ed
260 _bNewnes
942 _aNUST-CAE
_k500.202462 BIR
999 _c320369
_d320369